000 00688nam a2200289Ia 4500
005 20260324133519.0
008 008 260324s9999 xx 000 0 eng d
020 _a9781315416892
037 _aEBOOK
040 _aCRL
040 _beng
040 _cCRL
041 _2eng
041 _aeng
084 _qCRL
100 _aTimothy Champion; Peter J Ucko
_91193385
245 4 _aThe Wisdom of Egypt
245 0 _bChanging Visions Through the Ages
260 _bTaylor and Francis
260 _c2003
365 _a
365 _b300
856 _uhttp://www.taylorfrancis.com/books/9781315416892
942 _cEBOOK
999 _c1792485
_d1792485